Online katalóg knižníc regiónu Turca

Jánošík : (Record no. 20948)

MARC details
000 -LEADER
fixed length control field 00898nam a22002771i 4500
001 - CONTROL NUMBER
control field 20948
003 - CONTROL NUMBER IDENTIFIER
control field CZ PrNK
005 - DATE AND TIME OF LATEST TRANSACTION
control field 20260207112029.0
007 - PHYSICAL DESCRIPTION FIXED FIELD--GENERAL INFORMATION
fixed length control field ta
008 - FIXED-LENGTH DATA ELEMENTS--GENERAL INFORMATION
fixed length control field 040217s1943 xo 000 | slo
020 ## - INTERNATIONAL STANDARD BOOK NUMBER
Qualifying information (Brožováno)
040 ## - CATALOGING SOURCE
Original cataloging agency ABA001
Language of cataloging cze
Transcribing agency ABA001
Modifying agency ABA001
Description conventions rda
100 1# - MAIN ENTRY--PERSONAL NAME
Personal name Rázusová-Martáková, Mária,
Dates associated with a name 1905-1964
Relationship aut
245 10 - TITLE STATEMENT
Title Jánošík :
Remainder of title veršovaná dráma v piati dejstvách /
Statement of responsibility, etc. Mária Rázusová-Martáková
250 ## - EDITION STATEMENT
Edition statement Druhé vydanie
264 #1 - PRODUCTION, PUBLICATION, DISTRIBUTION, MANUFACTURE, AND COPYRIGHT NOTICE
Place of production, publication, distribution, manufacture V Turčianskom Sv. Martine :
Name of producer, publisher, distributor, manufacturer Matica slovenská,
Date of production, publication, distribution, manufacture, or copyright notice 1943
300 ## - PHYSICAL DESCRIPTION
Extent 180 stran ;
Dimensions 20 cm
336 ## - CONTENT TYPE
Content type term text
Content type code txt
Source rdacontent
337 ## - MEDIA TYPE
Media type term bez média
Media type code n
Source rdamedia
338 ## - CARRIER TYPE
Carrier type term svazek
Carrier type code nc
Source rdacarrier
490 1# - SERIES STATEMENT
Series statement Knižnica Slovenských pohľadov ;
Volume/sequential designation sväzok 77
500 ## - GENERAL NOTE
General note Obálka od Emila Makovického
830 #0 - SERIES ADDED ENTRY--UNIFORM TITLE
Uniform title Knižnica Slovenských pohľadov
910 ## - USER-OPTION DATA (OCLC)
User-option data ABA001
942 ## - ADDED ENTRY ELEMENTS (KOHA)
Source of classification or shelving scheme Dewey Decimal Classification
Koha item type Krásna literatúra pre dospelých
Suppress in OPAC No
Holdings
Stav vyradenia Strata Poškodenie Spôsob nadobudnutia Domovská knižnica Aktuálna knižnica Dátum nadobudnutia Total checkouts Čiarový kód exemplára Date last seen Typ exemplára Verejná poznámka
      Dar Obecná knižnica Horná Štubňa Obecná knižnica Horná Štubňa 07.02.2026   4736201117 07.02.2026 Krásna literatúra pre dospelých divadelná hra
Projekt je podporený Slovenskou asociáciou knižníc
Prevádzkuje Turčianska knižnica Martin 2026